Daňové odpisovanie hmotného a nehmotného majetku
Druhy hmotného a nehmotného majetku. Vymedzenie dlhodobého hmotného majetku v postupoch účtovania pre podnikateľov. Zmeny v postupoch účtovania od roku 2003. Vybrané úplné znenia jednotlivých paragrafov zákona č. 336/1999 Z.z. o daniach z príjmov týkajúcich sa problematiky odpisovania. Praktické...
Salvato in:
| Autore principale: | |
|---|---|
| Natura: | Capitolo di libro |
| Lingua: | slovacco |
| Soggetti: | |
| Tags: |
Nessun Tag, puoi essere il primo ad aggiungerne!!
|
MARC
| LEADER | 00000naa$a2200000$$$4500 | ||
|---|---|---|---|
| 001 | 0003689 | ||
| 005 | 20230919121102.8 | ||
| 041 | 0 | |a slo | |
| 044 | |a SK | ||
| 245 | 1 | 0 | |a Daňové odpisovanie hmotného a nehmotného majetku |c Iveta Petrovická |
| 520 | |a Druhy hmotného a nehmotného majetku. Vymedzenie dlhodobého hmotného majetku v postupoch účtovania pre podnikateľov. Zmeny v postupoch účtovania od roku 2003. Vybrané úplné znenia jednotlivých paragrafov zákona č. 336/1999 Z.z. o daniach z príjmov týkajúcich sa problematiky odpisovania. Praktické príklady. | ||
| 610 | 2 | 0 | |a majetok hmotný |
| 610 | 2 | 0 | |a majetok nehmotný |
| 610 | 2 | 0 | |a odpisy daňové |
| 610 | 2 | 0 | |a dane z príjmov |
| 610 | 2 | 0 | |a zákony |
| 610 | 2 | 0 | |a Slovensko |
| 100 | 1 | |a Petrovická, Iveta | |